000
00227nam a2200085 4500
001
1254993
005
20251202111921.0
245
_a
SHERLOCK HOLMESUN MACERALARI
_c
SIR ARTHUR CONAN DOYLE
260
_b
TÜRKİYE İŞ BANKASI YAYINLARI
999
_c
1254993
_d
1254993